Регионална библиотека "Любен Каравелов" - Русе

Моята любов на четири лапи (Запис номер 71937)

MARC детайли
000 -Лидер
Контролно поле с фиксирана дължина 01124nam a2200301 c 4500
003 - Код на организацията, давaща контролен номер
Контролно поле BLK
005 - Дата и час на последна редакция
Контролно поле 20180422103245.0
008 - Елементи от данни с фиксирана дължина
fixed length control field 180408b bul|||||r ||||||| ||bul||
010 ## - Наследен системен номер
LC control number KNG00076310000
020 ## - Международен стандартен номер на книга ISBN
Международен стандартен номер на книга ISBN 954-342-024-6
-- издат.: Фалкор Консулт
040 ## - Източник на каталожния запис
Идентификатор на билиотеката - собственик на записа BLK
041 ## - Код за език
Код за езика на текст/звукозапис или на отделно заглавие Български
Код за езика КДБФ Български
080 ## - УДК
Текстов определител УДК Българска литература
УДК код - определител по УДК 821.163.2
УДК определител -32
УДК - код + определител 821.163.2-32
100 1# - Редна дума - Автор
Автор Бузин, Николай
Авторска отговорност първи автор
R(LIN) 369842
139 ## - Редно поле
Редна дума Бузин, Николай
Авторски знак Бу - Б 84
245 10 - Сведения за заглавието
Заглавие Моята любов на четири лапи
Подзаглавни данни Разкази и новели
Редно поле (дума) Николай Бузин; предг. от Васил Коев.
257 ## - Страна на издаване
Страна на създаване/издаване България
260 ## - Област на издателските данни
-- София
Име на издателя, разпространителя и проч. Фалкор Консулт
Година на издаване 2007
300 ## - Физическа характеристика
Страници 240 с.
Илюстрации и др. с ил.
Размери/Мащаб 21 см
380 ## - Жанр
Жанр Худож. лит.
500 ## - Общи забележки
Забележка Съдържа и От издателя / Никола Герджиков
700 1# - Други автори (авторска отговорност)
Лично име Коев, Васил
Автороска отговорност (Описва отношението между автора и произведението) предг. от
9 (RLIN) 366413
852 ## - Местоположение
Форматна сигнатура Цб 234828
856 4# - Електронен адрес и достъп
Електронен формат pdf - файл
Път до файла /url/
856 4# - Електронен адрес и достъп
Електронен формат pdf - файл
Път до файла /url/
942 ## - АРТИКУЛИ
Вид на библиотечния материал Книги
Скрит в OPAC Не
944 ## - СЪЗДАВАНЕ И РЕДАКЦИЯ на ЗАПИСА
Създаване/Редакция Създаване
Дата на регистрацията/редакция 05.07.2007
Служител, извършил регистрацията/редакцията Геновева_Генчева
944 ## - СЪЗДАВАНЕ И РЕДАКЦИЯ на ЗАПИСА
Създаване/Редакция Редакция
Дата на регистрацията/редакция 31.07.2007
Служител, извършил регистрацията/редакцията
999 ## - СИСТЕМНИ КОНТРОЛНИ НОМЕРА
Koha biblionumber 71937
Koha biblioitemnumber 71937
Наличности
Код за отписване Код за изгубен артикул Код за повреда Коз за рестрикции Код за отдаване Артикулен № Име на библиотеката - собственик Име на библиотеката, в която се намира в момента Статус (Текущо местоположение) Дата на вписване в системата Местоположение - отдел Цена в лева Инвентарен номер Систематично азбучна сигнатура Баркод Номер на екземпляра Цена в евро Служебна бележка Служебен тип на артикула
  Не е изгубен Не е повреден без рестрикции ползва се в читалня 117309 Регионална библиотека "Любен Каравелов" Русе Регионална библиотека "Любен Каравелов" Русе Хранилище 2007-07-05 Хранилище 0.00 120000715390 Цб 234828 120000715390 1 0.00 Дост: Dp Вид: Д N: 8 Дата: 01.02.2007 Книги
Vip Innovations Ltd, Rousse, Bulgaria 2025